000 01220cad a22002415a 4500
001 L137584
008 070417e20070218xxk f l f000 0 eng d
020 _a9780110758733
035 _a(Sirsi) u137584
041 0 _aeng
110 2 _aUnited Kingdom
_kLaws, etc
_95044
245 0 4 _aThe Commons Registration (Objections and Maps) (Amendment) (England) Regulations 2007
_h[electronic resource]
260 _aLondon
_bOPSI
_c2007
490 0 _aSI
_v2007: 540
520 _aComes into force on 6 April 2007 and amends the Commons Registration (Objections and Maps) Regulations 1968. Amendments relate to the registration of certain land in the register of common land or town or village greens, more particularly concerning the time periods for objections.
590 _aKA
650 2 4 _aTHE COMMONS REGISTRATION (OBJECTIONS AND MAPS) REGULATIONS 1968
650 2 4 _aTHE COMMONS REGISTRATION (OBJECTIONS AND MAPS) (AMENDMENT) (ENGLAND) REGULATIONS 2007
651 4 _aEngland and Wales
_y1543-
690 _aENVIRONMENTAL AND LAND CONSULTANCY-PLANNING AND DEVELOPMENT-DEVELOPMENT CONTROL
856 4 0 _uhttps://www.opsi.gov.uk/si/si2007/20070540.htm
_zView the item free of charge at www.opsi.gov.uk...
942 _n0
999 _c106835
_d106835